000 00478nam a2200181 a 4500
001 5209
003 CO-ViMGA
008 141112s2004 ck r 000 u spa d
040 _aCO-ViMGA
_bspa
_cCO-ViMGA
082 0 4 _a943 D355
100 1 _aDelmas, Claude
_93522
245 1 0 _aHistoria de la civilización europea
260 _aBarcelona :
_bOikos - Tau,
_c1970
300 _a127 p
490 _aQue es?, 1
650 1 4 _aCIVILIZACION EUROPEA - HISTORIA
_93523
942 _2ddc
_cBK
999 _c17209
_d17209